| 000 | 00612nam a2200241Ia 4500 | ||
|---|---|---|---|
| 003 | OSt | ||
| 005 | 20230401093217.0 | ||
| 008 | 210423s2005 xx 000 0 und d | ||
| 020 | _a8187359447 | ||
| 040 | _cAL | ||
| 041 | _aeng | ||
| 082 | _a338.9 GHOR | ||
| 100 |
_aGHOSH (Robin);others _981370 |
||
| 245 | _aDevelopment studies | ||
| 260 |
_aNew Delhi _bAtlantic Publishers and Distributors _c2005 |
||
| 300 |
_axiv,240 _bHB |
||
| 365 |
_b595 _cINR |
||
| 440 | _v2 | ||
| 650 |
_aEconomics _981371 |
||
| 650 |
_aEconomics of Development _981372 |
||
| 906 | _aDevelopment ; studies | ||
| 942 |
_2ddc _cBK |
||
| 999 |
_c157777 _d157777 |
||